Automatic control systems
Guardat en:
| Autor principal: | |
|---|---|
| Format: | Llibre |
| Idioma: | anglès |
| Publicat: |
Englewood Cliffs
Prentice-Hall
1967
|
| Edició: | 2a. ed |
| Matèries: | |
| Etiquetes: |
Afegir etiqueta
Sense etiquetes, Sigues el primer a etiquetar aquest registre!
|
MARC
| LEADER | 00000nam a2200000 a 4500 | ||
|---|---|---|---|
| 001 | UCY6606 | ||
| 003 | CL-VaPUC | ||
| 008 | 950529e19670000US |||||||||||||||||eng|d | ||
| 082 | 0 | 4 | |a 629.83 |b KUO |2 21 |
| 100 | |a Kuo, Benjamin C |e author |9 496180 | ||
| 245 | 1 | 0 | |a Automatic control systems |
| 250 | |a 2a. ed | ||
| 300 | |a 523 p | ||
| 942 | |c BK | ||
| 945 | |d 19950529 00:00:00 |a awong | ||
| 260 | |a Englewood Cliffs |b Prentice-Hall |c 1967 | ||
| 650 | 0 | |a Control automático |9 259890 | |
| 650 | 0 | |a Matemática aplicada |9 260236 | |
| 650 | 0 | |a Sistemas de control |9 263596 | |
| 583 | |a last modification |c 20120828 10:31:03 |k Rodrigo Vera | ||
| 999 | |c 234162 |d 234160 | ||
| 952 | |0 0 |1 0 |4 0 |6 629_830000000000000_KUO_1967 |7 0 |8 A |9 240200 |a BIBING |b BIBING |d 2019-11-18 |i 1672568 |o 629.83 KUO 1967 |p 1672568 |r 2025-01-20 |w 2019-11-18 |y BK |k EIE | ||